| 000 | 00649nam a2200193 a 4500 | ||
|---|---|---|---|
| 001 | 000312748 | ||
| 003 | AM-YeHGA | ||
| 005 | 20250618072007.0 | ||
| 008 | 040226s1971 ai 000 | arm d | ||
| 040 | _aAM-YeHGA | ||
| 041 | 0 | _aarm | |
| 245 | 1 | 0 |
_aՎերստին կարդալով Շահան Շահնուրը / _cԹ. Թորանեան. |
| 260 |
_aՀալէպ : _bտպ. Շիրազ, _c1971. |
||
| 300 |
_a126 էջ _bլուսանկ. ; _c20 սմ. |
||
| 440 | 0 | _aՄշակոյթ | |
| 600 | 1 | 4 |
_aՇահան, Շահնուր, _d1903-1974 _91747 |
| 650 | 1 | 4 |
_aՀայ գրողների կյանքն ու գործունեությունը _94515 |
| 090 | _c117226 | ||
| 999 |
_c115881 _d115881 |
||